000 01256nam a2200229Ia 4500
001 L235-10856
003 IT-CnALBA
008 170116s9999||||xx |||||||||||||| ||und||
040 _aIT-CnALBA
_cIT-CnALBA
041 _aITALIANO
100 _aGIOVANNA DELLA CROCE
245 0 _aELISABETTA DELLA TRINITÀ. UNA VITA DI LODE A DIO.
250 _a1a ed.
260 _aCINISELLO BALSAMO (MI)
_bEDIZIONI PAOLINE
_c1993 [1° Ed.:1993 - Ed.Ling.Originale: 1993]
300 _a191 p. (prefazione: 5)
500 _aCRONOLOGIA COMPARATA DI ELISABETTA DELLA TRINITÀ. INDICE ONOMASTICO. INDICE TEMATICO. VITA SEMPLICE TRA MUSICA E SILENZIO. VOCAZIONE AL CARMELO. SPIRITUALITÀ. LODE E GLORIA ALLA TRINITÀ. CONFORMAZIONE A CRISTO. DONNA CONTEMPLATIVA. SPIRITUALITÀ ATTUALE. L
501 _aSocietà San Paolo EM - Piazza San Paolo, 14 - 12051 ALBA (CN) (non commercial uses only) ® Copyright 2017
520 _aCRONOLOGIA COMPARATA DI ELISABETTA DELLA TRINITÀ. INDICE ONOMASTICO. INDICE TEMATICO. VITA SEMPLICE TRA MUSICA E SILENZIO. VOCAZIONE AL CARMELO. SPIRITUALITÀ. LODE E GLORIA ALLA TRINITÀ. CONFORMAZIONE A CRISTO. DONNA CONTEMPLATIVA. SPIRITUALITÀ ATTUALE. L
650 _aMARIA SS. ANGELI SANTI DEMONI
942 _cBK
957 _71
999 _a15609
_bNO
_g Copie: 1
_c270033
_d270033